Les Meilleurs buteurs de la Liga 2010-2011 - Statistiques

Statistiques générales
  • Ce quiz a été pris 99 fois
  • Le résultat moyen est 5 sur 10
Statistiques - réponses
Buts Nationalité Club Joueur % Correct
40 Portugal Real Madrid Cristiano Ronaldo
100%
31 Argentine FC Barcelone Lionel Messi
100%
15 France Real Madrid Karim Benzema
89%
18 Espagne FC Barcelone David Villa
72%
20 Argentine Atletico Madrid Sergio Agüero
66%
18 Espagne Valence Roberto Soldado
17%
20 Espagne Séville FC Álvaro Negredo
13%
18 Italie Villarreal Giuseppe Rossi
11%
18 Espagne Athletic Bilbao Fernando Llorente
5%
14 Venezuela Málaga Salomón Rondón
5%
Aucun quiz correspondant
Distribution des résultats
% des personnes avec chaque résultat
Percentile par nombre de réponses
Votre historique - résultats
Vous n’avez pas pris ce quiz